| 000 | 01074cam a22003494a 4500 | ||
|---|---|---|---|
| 001 | 15966687 | ||
| 003 | OSt | ||
| 005 | 20140310182856.0 | ||
| 008 | 091029s2009 ph 001 0 eng | ||
| 010 | _a 2009516471 | ||
| 020 | _a9789712352829 | ||
| 040 |
_aDLC _cDLC |
||
| 042 | _alcode | ||
| 043 | _aa-ph--- | ||
| 050 | 0 | 0 |
_aKPM 2790 _b.D4 2009 |
| 082 |
_2FIL 336.2012 _b.D4 2009 |
||
| 100 | 1 | _aDe Leon, Hector M. | |
| 245 | 1 | 4 |
_aThe fundamentals of taxation _cDe Leon, Hector S., De Leon, Hector M., Jr. |
| 260 |
_aManila, Philippines _bPublished & distributed by Rex Book Store _c2009 |
||
| 300 |
_axxvii, 437 p. _c23 cm. |
||
| 500 | _aIncludes index. | ||
| 521 | _aCollege Students | ||
| 526 | _c1210L to 1700L | ||
| 541 | _j1 | ||
| 562 | _eFor Circulation. 1 Copy Available in the Collection | ||
| 650 | 0 |
_aTaxation _xLaw and legislation _zPhilippines. |
|
| 650 | 0 |
_aTaxation _zPhilippines. |
|
| 700 | 1 | _aDe Leon, Hector M. | |
| 906 |
_a7 _bcbc _corigode _d2 _encip _f20 _gy-gencatlg |
||
| 942 |
_2lcc _cBK _kFIL |
||
| 999 |
_c17032 _d17032 |
||